LOGO QUIZ #1 - Statistics

General Stats
  • This quiz has been taken 23 times
  • The average score is 12 of 16
Answer Stats
Picture Answer % Correct
Pepsi
100%
Windows
100%
Google
94%
Netflix
94%
Minecraft
88%
Nike
82%
Red Bull
82%
Oreo
76%
Bic
71%
Cartoon Network
71%
Harvard
71%
Meta
71%
Nescafe
71%
NFL
71%
Nissan
71%
Barclays US
12%
No matching quizzes found
Score Distribution
Percent of People with Each Score
Percentile by Number Answered
Your Score History
You have not taken this quiz